000 00194nam a2200109Ia 4500
100 _a#N/A
942 _cBK
654 _awordnet
245 _aWordnet
260 _b#N/A
_c2005
546 _aENGLISH
999 _c22891
_d22891